| 000 | 02081nam a2200229Ia 4500 | ||
|---|---|---|---|
| 003 | OSt | ||
| 005 | 20251114101041.0 | ||
| 008 | 210210b2018 xxu||||| |||| 00| 0 eng d | ||
| 040 | _cAL | ||
| 041 | _aKannada | ||
| 082 | _a398.2K GANS | ||
| 100 |
_aGANESH AMIN SANKAMAR _9132142 _d ಗಣೇಶ್ ಅಮೀನ್ ಸಂಕಮಾರ್ |
||
| 245 |
_aSavirada satyagalu _bಸಾವಿರದ ಸತ್ಯಗಳು |
||
| 260 |
_aMangaluru _bSiri Prakashana _c2018 |
||
| 300 | _axx,456 | ||
| 520 | _aದೈವಾರಾಧನೆಗೆ ಸಂಬಂಧಿಸಿದ ಡಾ.ಗಣೇಶ ಅಮೀನ್ ಸಂಕಮಾರ್ ಅವರ ಅಧ್ಯಯನ ಗ್ರಂಥ ‘ಸಾವಿರದ ಸತ್ಯಗಳು’ ದೈವ ಕಟ್ಟುವವರಿಗೆ ಮತ್ತು ಆಧುನಿಕ ರಂಗಭೂಮಿ ಬಳಸುವವರಿಗೆ ಅತ್ಯಂತ ಉಪಯುಕ್ತ ಸಮಾಲೋಚನಾ ಗ್ರಂಥವಾಗಿದೆ. ತುಳುನಾಡಿನ ಸುಮಾರು 35 ದೈವಗಳ ನುಡಿಗಳನ್ನು ತಮ್ಮ ಸಾವಿರದ ಸತ್ಯಗಳು ಕೃತಿಯ ಮೂಲಕ ಸಂಗ್ರಹಿಸಿದ್ದಾರೆ ಆರಾಧನೆ ನುಡಿಗಟ್ಟು, ಪಾರಿ, ಮಧು, ಮದಿಪು, ಬಿರೊ ಹೇಗಿವೆ ಎಂಬುದನ್ನು ಮುಂದಿನ ತಲೆಮಾರಿಗೆ ತಿಳಿಸುವ ಪ್ರಯತ್ನ ಶ್ಲಾಘನೀಯ. ಹೊಸ ಕಾಲದಲ್ಲಿ ಎಲ್ಲವು ಹೊಸ ರೂಪ ಪಡೆಯುತ್ತಿದೆ. ಜನಪದವು ವೈದಿಕ ರೂಪಾಂತರವಾಗುತ್ತಿರುವ ಸಂದರ್ಭ ತುಳುವಿನ ಮಣ್ಣಿನ ವಾಸನೆಯ ಶ್ರೀಮಂತಿಕೆಯನ್ನು, ಅಪರೂಪದ ತುಳು ಪಾರಿಭಾಷಿಕ ಪದಬಳಕೆಯನ್ನು ತಿಳಿಸುವ ಅಪೂರ್ವ ಗ್ರಂಥ ಇದಾಗಿದೆ. | ||
| 650 |
_aSavirada _9132143 |
||
| 650 |
_asatyagalu _9132144 |
||
| 690 |
_aFolklore _9132145 |
||
| 906 | _a072632 | ||
| 942 |
_2ddc _cBK |
||
| 999 |
_c122557 _d122557 |
||